| 000 | 00501nam a22001937a 4500 | ||
|---|---|---|---|
| 003 | CEME | ||
| 005 | 20210628203347.0 | ||
| 008 | 210115b xxu||||| |||| 00| 0 eng d | ||
| 020 | _a9780470270848 | ||
| 040 | _cceme | ||
| 082 | _a519.55 BOX | ||
| 100 |
_aBox, George E., Jenkins, Gwilym M., Reinsel, Gregory C. _964968 |
||
| 245 | _aTime series analysis, forcasting and control | ||
| 250 | _a4 | ||
| 260 |
_aCANADA _bWILEY _c2008 |
||
| 300 | _a773 | ||
| 650 |
_aFAIZA _961097 |
||
| 942 |
_cBK _2ddc |
||
| 999 |
_c573309 _d573309 |
||